| 000 | 00352nam a22001337a 4500 | ||
|---|---|---|---|
| 082 |
_a909 _bCLA |
||
| 100 |
_aRashid, Salim _946071 |
||
| 245 | _aThe clash of civilization / | ||
| 260 |
_aKarachi: _bOxford University Press, _cc1997 |
||
| 300 |
_axi, 158p, _c16cm |
||
| 526 |
_a0 _b0 _c0 _d909_000000000000000_CLA |
||
| 650 |
_aMCE _9379 |
||
| 942 |
_2ddc _cBK |
||
| 999 |
_c549416 _d549416 |
||